U.S. State Capitals as Largest Cities - Statistics

General Stats
  • This quiz has been taken 60 times
  • The average score is 14 of 17
Answer Stats
Answer % Correct
Atlanta
96%
Boston
91%
Phoenix
91%
Columbus
87%
Denver
85%
Indianapolis
85%
Little Rock
83%
Nashville
83%
Boise
78%
Charleston
78%
Des Moines
78%
Honolulu
78%
Jackson
78%
Providence
78%
Oklahoma City
76%
Salt Lake City
76%
Cheyenne
74%
No matching quizzes found
Score Distribution
Percent of People with Each Score
Percentile by Number Answered
Your Score History
You have not taken this quiz